Безопасность транспортных средств (Запись № 9975731)

Подробности
000 -МАРКЕР
контрольное поле 01512nam1a2200277 i 4500
001 - ИДЕНТИФИКАТОР ЗАПИСИ
контрольное поле RU\NLR\BIBL_A\010460910
005 - ИДЕНТИФИКАТОР ВЕРСИИ
контрольное поле 20240921223247.0
035 ## - ДРУГИЕ СИСТЕМНЫЕ НОМЕРА
Идентификатор записи (NLR Aleph) 010460910
100 ## - ДАННЫЕ ОБЩЕЙ ОБРАБОТКИ
Данные общей обработки 20131106g20119999u y0rusy50 ca
101 0# - ЯЗЫК РЕСУРСА
Язык текста, звукозаписи и т.д. русский
102 ## - СТРАНА ПУБЛИКАЦИИ ИЛИ ПРОИЗВОДСТВА
Страна публикации Российская Федерация
105 ## - ПОЛЕ КОДИРОВАННЫХ ДАННЫХ: ТЕКСТОВЫЕ МАТЕРИАЛЫ, МОНОГРАФИЧЕСКИЕ
Кодированные данные о монографическом текстовом документе ||||j |||||
200 1# - ЗАГЛАВИЕ И СВЕДЕНИЯ ОБ ОТВЕТСТВЕННОСТИ
Основное заглавие Безопасность транспортных средств
Сведения, относящиеся к заглавию учебное пособие
-- [для студентов специальностей 190701 и 190702 очной формы обучения]
Первые сведения об ответственности К.В. Глемба, А.В. Келлер, О.Н. Ларин, Ю.И. Аверьянов
Последующие сведения об ответственности М-во образования и науки Рос. Федерации, Юж.-Урал. гос. ун-т, Каф. "Эксплуатация автомоб. трансп."
210 ## - ПУБЛИКАЦИЯ, РАСПРОСТРАНЕНИЕ И ДР.
Место издания, распространения и т.д. Челябинск
Имя издателя, распространителя и т. д. Изд-во ЮУрГУ
Дата издания, распространения и т.д. 2011
215 ## - ФИЗИЧЕСКАЯ ХАРАКТЕРИСТИКА
Размеры 21
606 1# - НАИМЕНОВАНИЕ ТЕМЫ КАК ПРЕДМЕТ
Наименование темы Транспорт
Формальный подзаголовок Учебные издания для высших учебных заведений
Тематический подзаголовок Безопасность движения
Системный номер авторитетной/нормативной записи 2237630
Идентификатор авторитетной/нормативной записи RU\NLR\AUTH\661342821
686 1# - ИНДЕКСЫ ДРУГИХ КЛАССИФИКАЦИЙ
Индекс О12-082.03я73-1
701 #1 - ИМЯ ЛИЦА - АЛЬТЕРНАТИВНАЯ ОТВЕТСТВЕННОСТЬ
Начальный элемент ввода Глемба
Часть имени, кроме начального элемента ввода К. В.
Расширение инициалов личного имени Константин Вячеславович
701 #1 - ИМЯ ЛИЦА - АЛЬТЕРНАТИВНАЯ ОТВЕТСТВЕННОСТЬ
Начальный элемент ввода Келлер
Часть имени, кроме начального элемента ввода А.В.
Расширение инициалов личного имени Андрей Владимирович
701 #1 - ИМЯ ЛИЦА - АЛЬТЕРНАТИВНАЯ ОТВЕТСТВЕННОСТЬ
Начальный элемент ввода Ларин
Часть имени, кроме начального элемента ввода О.Н.
Расширение инициалов личного имени Олег Николаевич
701 #1 - ИМЯ ЛИЦА - АЛЬТЕРНАТИВНАЯ ОТВЕТСТВЕННОСТЬ
Начальный элемент ввода Аверьянов
Часть имени, кроме начального элемента ввода Ю.И.
Расширение инициалов личного имени Юрий Иванович
852 ## - МЕСТОНАХОЖДЕНИЕ И ШИФР ХРАНЕНИЯ
Идентификатор организации NLR
Шифр хранения (Call Number) 2013-3/32933
942 ## - ДОПОЛНИТЕЛЬНЫЕ ЭЛЕМЕНТЫ ЗАПИСИ (АБИС)
Тип экземпляра АБИС Книга

Нет доступных экземпляров.